Statistics for Countries Closest to Senegal - 30 Second Sprint

Click here to take the quiz!

General Stats

  • This quiz has been taken 43 times
  • The average score is 11 of 20

Answer Stats

kmcountrymiles% Correct
0Gambia0
100%
0Guinea0
89%
0Mali0
83%
0Guinea-Bissau0
80%
1233Morocco766
80%
0Mauritania0
71%
938Ghana583
63%
452Liberia281
57%
262Sierra Leone163
54%
1317Algeria818
51%
442Côte d'Ivoire275
51%
1231Togo765
51%
658Burkina Faso409
49%
571Cabo Verde355
49%
1257Niger781
46%
1340Benin832
40%
1591Nigeria989
31%
1231Spain765
17%
479Western Sahara298
14%
1787Portugal1110
11%

Score Distribution

Percentile by Number Answered

Percent of People with Each Score

Your Score History

You have not taken this quiz